000 00867nam a2200253Ia 4500
003 OSt
005 20220923211350.0
006 a|||||r|||| 00| 0
007 ta
008 220922b |||||||| |||| 00| 0 hin d
020 _a9788185999999 (hbk)
_c5085
024 _a245,327
037 _b371, 11/02/2011, Swaraj Prakashan
_cTextual
040 _aARTS
_cARTS
_bhin
041 _2hin
_ahin
082 _aO152,2:g, Q0
100 _aरमेश गौतम, संपा.
245 0 _aहिंदी नाटक
_b नई परख
246 _aHiandī nāṭaka: naī parakha
260 _aनई दिल्ली
_b स्वराज प्रकाशन
_c2010
300 _a684पृ.
_ccm.
942 _hO152,2:g, Q0
_cTEXL
_2CC
999 _c298818
_d298818